000 00811cam a2200289 4500500
005 20260419001348.0
041 _afre
042 _adc
100 1 0 _aGherardi, Sophie
_eauthor
700 1 0 _ade Funès, Julia
_eauthor
700 1 0 _aLinhart, Danièle
_eauthor
245 0 0 _aEncourager le télétravail ?
260 _c2025.
500 _a20
690 _aAutonomie
690 _aCoopération
690 _aEntreprise
690 _aEnvironnement de travail
690 _aManagement
690 _aOrganisation
690 _aProductivité
690 _aTélétravail
690 _aTravail
690 _aVie pro / vie perso
786 0 _nPhilonomist | - | 3 | 2025-03-19 | p. 36-40
856 4 1 _uhttps://shs.cairn.info/magazine-philonomist-2025-3-page-36?lang=fr&redirect-ssocas=7080
999 _c2212773
_d2212773